Java Precisely

Détails bibliographiques
Auteur principal: Peter Sestoft
Format: Inconnue
Publié: The MIT Press 2016
LEADER 00183 a2200085 4500
020 |a 978-0262529075 
100 |a Peter Sestoft 
245 |a Java Precisely 
260 |b The MIT Press  |c 2016 
999 |c 42146  |d 42146